000 00536nam a22001937a 4500
001 11
003 FISKH
005 20251017113344.0
008 230103b |||||||| |||| 00| 0 eng d
020 _a042517446
040 _cFISKH
050 _aPS3572
_b.O5 B34 2000
100 _aVonnegut, Kurt
_d1922-2007
245 _aBagombo snuff box
_buncollected short fiction with an introduction by the author
_cKurt Vonnegut
260 _aNew York
_bBerkley
_c2000
300 _axxii, 357 p. ;
_c21 cm.
521 _a980
_bFISKH
942 _2lcc
_cBK
_n0
999 _c11
_d11